| 000 | 00445cam a22001097a 4500 | ||
|---|---|---|---|
| 008 | 180718b1967 xxu||||| |||| 00| 0 eng d | ||
| 082 | _aV431x54 In2/HD | ||
| 245 |
_aReport by the study group on irrigation and power of the study group on irrigation and power of the national planning council on the hirakud project _cby Planning Commission, India |
||
| 260 |
_a _bPlanning Commission _c1967 |
||
| 300 | _a75+p. | ||
| 700 | _aIndia. Planning Commission | ||
| 999 |
_c498444 _d498444 |
||